header

New media technologies and user empowerment (Record no. 194346)

MARC details
000 -LEADER
fixed length control field 01430nam a2200373 a 4500
245 00 - TITLE STATEMENT
Title New media technologies and user empowerment
260 ## - PUBLICATION, DISTRIBUTION, ETC. (IMPRINT)
Place of publication Frankfurt am Main :
Name of publisher Peter Lang Pub. Inc.,
Year of publication 2011.
300 ## - PHYSICAL DESCRIPTION
Number of Pages 317 p. :
Other physical details ill.
650 #0 - SUBJECT ADDED ENTRY--TOPICAL TERM
Topical Term Information society.
Topical Term Human-computer interaction.
Topical Term User interfaces (Computer systems)
Topical Term System design.
700 1# - ADDED ENTRY--PERSONAL NAME
Personal name Pierson, Jo.
Personal name Meijer, Enid Mante.
Personal name Loos, Eugene.
856 40 - ELECTRONIC LOCATION AND ACCESS
Uniform Resource Identifier http://site.ebrary.com/lib/rucke/Doc?id=10601476

No items available.

© 2026 Rongo University
Contact us: librarian | system librarian | Rongo university